000 00649nam a22002297a 4500
003 UA-OsUOA
001 124995
007 ta
008 20170831b un ||||| |||| 00| 0 ukr d
090 _a94(477).04
_bЛ67
942 _cBK
040 _aUA-OsUOA
_bukr
_cUA-OsUOA
_dUA-OsUOA
245 _aЛітопис гадяцького полковника Григорія Грабянки
300 _a192 с.
955 _a1
041 _aukr
080 _a94(477).04
020 _a5-7770-0599-3
260 _aК.
_bЗнання України
_c1992
650 7 _a9 Географія. Біографії. Історія
_2UDC
999 _c412187
_d412187